000
00304nam a2200145Ia 4500
100
_a
Gupta/V
942
_c
BK
654
_a
computer course
245
_a
Comdex computer course kit with CD
260
_b
Dream tech
_c
2002
082
_a
5.133
_b
GUP
300
_a
616
546
_a
ENGLISH
999
_c
24636
_d
24636